000 00602nam a2200193Ia 4500
001 2607
003 GE_BSU
008 181216s||||||||xx |||||||||||||| ||und||
040 _cGE_BSU
080 _a37.01(075.8)
100 _aმელაშვილი,კოტე
245 _aპედაგოგიური ხელოვნება
245 _cრედ.კონსტანტინე რამიშვილი
260 _aთბილისი
260 _c2004
300 _a135გვ.
653 _aპედაგოგიური ხელოვნება
942 _cBK
999 _c36680
_d36680